<?xml version="1.0" encoding="UTF-8"?>
<record
    xmlns:xsi="http://www.w3.org/2001/XMLSchema-instance"
    xsi:schemaLocation="http://www.loc.gov/MARC21/slim http://www.loc.gov/standards/marcxml/schema/MARC21slim.xsd"
    xmlns="http://www.loc.gov/MARC21/slim">

  <leader>01153nam a22002417a 4500</leader>
  <controlfield tag="001">2497</controlfield>
  <controlfield tag="003">HMS</controlfield>
  <controlfield tag="005">20250613092805.0</controlfield>
  <controlfield tag="008">250613e2004    cl a|||frntu| 00| 0 spa  </controlfield>
  <datafield tag="020" ind1=" " ind2=" ">
    <subfield code="a">8445812475</subfield>
  </datafield>
  <datafield tag="040" ind1=" " ind2=" ">
    <subfield code="a">hms</subfield>
    <subfield code="b">spa</subfield>
    <subfield code="c">hms</subfield>
  </datafield>
  <datafield tag="050" ind1="0" ind2="4">
    <subfield code="a">WV500</subfield>
    <subfield code="b">L524</subfield>
  </datafield>
  <datafield tag="100" ind1="1" ind2=" ">
    <subfield code="a">Le Huche, Fran&#xE7;ois. </subfield>
    <subfield code="e">autor</subfield>
    <subfield code="9">3512</subfield>
  </datafield>
  <datafield tag="245" ind1="1" ind2="3">
    <subfield code="a">La voz :</subfield>
    <subfield code="b">Patolog&#xED;a vocal de origen org&#xE1;nico. /</subfield>
    <subfield code="c">Fran&#xE7;ois Le Huche, Andr&#xE9; Allali. </subfield>
    <subfield code="h">[libro]</subfield>
    <subfield code="n">Tomo 3</subfield>
  </datafield>
  <datafield tag="246" ind1=" " ind2=" ">
    <subfield code="a">Patolog&#xED;a vocal de origen org&#xE1;nico.</subfield>
  </datafield>
  <datafield tag="250" ind1=" " ind2=" ">
    <subfield code="a">2&#xAA; edici&#xF3;n</subfield>
  </datafield>
  <datafield tag="260" ind1=" " ind2=" ">
    <subfield code="a">Barcelona, Espa&#xF1;a :</subfield>
    <subfield code="b">Masson,</subfield>
    <subfield code="c">2004</subfield>
  </datafield>
  <datafield tag="300" ind1=" " ind2=" ">
    <subfield code="a">150 p&#xE1;ginas :</subfield>
    <subfield code="b">ilustraciones</subfield>
  </datafield>
  <datafield tag="500" ind1=" " ind2=" ">
    <subfield code="a">Incluye &#xED;ndice</subfield>
  </datafield>
  <datafield tag="505" ind1=" " ind2=" ">
    <subfield code="a">1.Disfon&#xED;a y laringitis. -- 2. Disfon&#xED;a secundaria a un traumatismo lar&#xED;ngeo. -- 3. Disfon&#xED;a secundaria a una alteraci&#xF3;n de la movilidad de los pliegues vocales. -- 4. Voz poslaringectom&#xED;a. -- 5. Disfon&#xED;a relacionada con una anomal&#xED;a. -- 6. Disfon&#xED;a secundar&#xED;a a una alteraci&#xF3;n org&#xE1;nica extralar&#xED;ngea. -- 7. Disfon&#xED;a de origen hormonal. -- 8. Fonaci&#xF3;n y s&#xED;ndrome sist&#xE9;micos. -- 9. Disartria.  </subfield>
  </datafield>
  <datafield tag="650" ind1=" " ind2="7">
    <subfield code="a">Trastornos de la voz </subfield>
    <subfield code="x">Terapia. </subfield>
    <subfield code="9">3514</subfield>
  </datafield>
  <datafield tag="942" ind1=" " ind2=" ">
    <subfield code="2">lcc</subfield>
    <subfield code="c">COL. RES.</subfield>
    <subfield code="n">0</subfield>
  </datafield>
  <datafield tag="999" ind1=" " ind2=" ">
    <subfield code="c">2497</subfield>
    <subfield code="d">2497</subfield>
  </datafield>
  <datafield tag="952" ind1=" " ind2=" ">
    <subfield code="0">0</subfield>
    <subfield code="1">0</subfield>
    <subfield code="2">lcc</subfield>
    <subfield code="4">0</subfield>
    <subfield code="7">0</subfield>
    <subfield code="8">Col. Res.</subfield>
    <subfield code="a">BHMS</subfield>
    <subfield code="b">BHMS</subfield>
    <subfield code="c">Full Space</subfield>
    <subfield code="d">2025-06-13</subfield>
    <subfield code="e">Donaci&#xF3;n Ed. Mediterr&#xE1;neo</subfield>
    <subfield code="i">001310</subfield>
    <subfield code="l">0</subfield>
    <subfield code="o">WV500 L524 2&#xAA;ed 2004 V.3</subfield>
    <subfield code="p">001310</subfield>
    <subfield code="r">2025-06-13 09:29:27</subfield>
    <subfield code="t">c.1</subfield>
    <subfield code="w">2025-06-13</subfield>
    <subfield code="y">COL. RES.</subfield>
  </datafield>
</record>
